Αποτελεσματική Οργάνωση και Διοίκηση Πωλήσεων (Record no. 5789)
[ view plain ]
| 000 -LEADER | |
|---|---|
| fixed length control field | 03108cam a22002174a 4500 |
| 005 - ΗΜΕΡΟΜΗΝΙΑ ΚΑΙ ΩΡΑ ΤΕΛΕΥΤΑΙΑΣ ΕΝΗΜΕΡΩΣΗΣ | |
| Πεδίο ελέγχου | 20250605164222.0 |
| 008 - FIXED-LENGTH DATA ELEMENTS--GENERAL INFORMATION | |
| Πεδίο ελέγχου σταθερού μήκους | 250528s ||||||||||||||||||||||||d |
| 035 ## - SYSTEM CONTROL NUMBER | |
| System control number | 20704 |
| 020 ## - ISBN | |
| ISBN | 9603511145 |
| 040 ## - ΠΗΓΗ ΚΑΤΑΛΟΓΟΓΡΑΦΗΣΗΣ | |
| Φορέας πρωτότυπης καταλογογράφησης | MC Athens Campus Library |
| Γλώσσα καταλογογράφησης | Ελληνικά, Μοντέρνα (1453-) |
| Modifying agency | MC Athens Campus Library |
| Κανόνες περιγραφικής καταλογογράφησης | AACR2 |
| 245 1# - ΤΙΤΛΟΣ ΚΑΙ ΔΗΛΩΣΗ ΥΠΕΥΘΥΝΟΤΗΤΑΣ | |
| Τίτλος | Αποτελεσματική Οργάνωση και Διοίκηση Πωλήσεων |
| 260 ## - PUBLICATION, DISTRIBUTION, ETC. | |
| Name of publisher, distributor, etc. | Σταμούλης Α, |
| Date of publication, distribution, etc. | 1997 |
| 300 ## - PHYSICAL DESCRIPTION | |
| Extent | 584 |
| 505 0# - FORMATTED CONTENTS NOTE | |
| Formatted contents note | Πρόλογος, Εισαγωγικές Έννοιες Διοίκησης Πωλήσεων και Προσωπικής Πώλησης, Ο Ρόλος των Πωλήσεων στα Πλαίσια της Στρατηγικής Μάρκετινγκ, Διαδικασία Πώλησης, Μορφές - Τύποι Πωλήσεων, Στρατηγικός Σχεδισμός Πωλήσεων, Καθορισμός Στόχων Πωλήσεων, Σχεδιασμός Περιοχής Πώλησης, Καθορισμός Μεγέθους Δύναμης Πωλητών, Οργάνωση Δύναμης Πωλητών, Διοικητικές Λειτουργίες Πωλήσεων, Στρατολόγηση και Επιλογή και Πρόσληψη Πωλητών, Εκπαίδευση Πωλητών, Υποκίνηση και Αμοιβή Πωλητών, Επιτήρηση και Αξιολόγηση Πωλητών, Ανάλυση της Απόδοσης του Τμήματος Πωλήσεων και των Πωλητών, Μοντέλα και Εμπειρίες που Αφορούν την Απόδοση και την Ικανοποίηση από την Εργασία (Job Satisfaction) των Πωλητών, Βιβλιογραφία. |
| 520 ## - SUMMARY, ETC. | |
| Summary, etc. | Πρόλογος, Εισαγωγικές Έννοιες Διοίκησης Πωλήσεων και Προσωπικής Πώλησης, Ο Ρόλος των Πωλήσεων στα Πλαίσια της Στρατηγικής Μάρκετινγκ, Διαδικασία Πώλησης, Μορφές - Τύποι Πωλήσεων, Στρατηγικός Σχεδισμός Πωλήσεων, Καθορισμός Στόχων Πωλήσεων, Σχεδιασμός Περιοχής Πώλησης, Καθορισμός Μεγέθους Δύναμης Πωλητών, Οργάνωση Δύναμης Πωλητών, Διοικητικές Λειτουργίες Πωλήσεων, Στρατολόγηση και Επιλογή και Πρόσληψη Πωλητών, Εκπαίδευση Πωλητών, Υποκίνηση και Αμοιβή Πωλητών, Επιτήρηση και Αξιολόγηση Πωλητών, Ανάλυση της Απόδοσης του Τμήματος Πωλήσεων και των Πωλητών, Μοντέλα και Εμπειρίες που Αφορούν την Απόδοση και την Ικανοποίηση από την Εργασία (Job Satisfaction) των Πωλητών, Βιβλιογραφία. |
| 700 1# - ΠΡΟΣΘΕΤΗ ΑΝΑΓΡΑΦΗ--ΦΥΣΙΚΟ ΠΡΟΣΩΠΟ | |
| Personal name | Αυλωνίτης Γεώργιος Ι |
| 700 1# - ΠΡΟΣΘΕΤΗ ΑΝΑΓΡΑΦΗ--ΦΥΣΙΚΟ ΠΡΟΣΩΠΟ | |
| Personal name | Σταθακόπουλος Βλάσης |
| 9 (RLIN) | 2096 |
| 942 ## - ADDED ENTRY ELEMENTS (KOHA) | |
| Koha item type | Books |
| Τύπος τεκμηρίου | Βιβλιοθήκη | Τρέχουσα τοποθεσία | Barcode | Αριθμός εισαγωγής | Ημερομηνία απόκτησης | Ταξιθετικό σύμβολο | Αριθμός αντιτύπου | Κατάσταση απόσυρσης | Κατάσταση χαμένου | Κατάσταση κατεστραμμένου | Μη δανεισμός | Σύνολο δανεισμών | Ημερομηνία τελευταίας εμφάνισης | Η τιμή ισχύει από |
|---|---|---|---|---|---|---|---|---|---|---|---|---|---|---|
| Books | MC Athens Campus Library | MC Athens Campus Library | 9780000057884 | 7335 | 05/06/2025 | 658.81 AVL | 1 | 05/06/2025 | 05/06/2025 |